| 000 | 00864cam a2200301 a 4500 | ||
|---|---|---|---|
| 999 |
_c1270 _d1270 |
||
| 003 | OSt | ||
| 005 | 20210625052753.0 | ||
| 008 | 980428s1999 ilua 001 0 eng | ||
| 010 | _a 98007755 | ||
| 020 | _a0256218404 | ||
| 035 | _aocm39050948 | ||
| 040 |
_aDLC _cDLC _dJHS |
||
| 049 | _aJHSM | ||
| 050 | 0 | 0 |
_aHF5635 _b.A69 1999 |
| 082 | 0 | 0 |
_a657 _221 |
| 100 | 1 |
_aAnthony, Robert N. _q(Robert Newton), _d1916-2006 |
|
| 245 | 1 | 0 |
_aAccounting : _btext and cases / _cRobert N. Anthony, David F. Hawkins, Kenneth A. Merchant. |
| 250 | _a10th ed. | ||
| 260 |
_aBoston : _bIrwin/MrGraw-Hill, _cc1999. |
||
| 300 |
_axxxii, 951 p. : _bill. ; _c26 cm. |
||
| 500 | _aIncludes indexes. | ||
| 650 | 0 | _aAccounting | |
| 650 | 0 |
_aAccounting _xCase studies. |
|
| 700 | 1 | _aHawkins, David F. | |
| 700 | 1 | _aMerchant, Kenneth A. | |
| 910 | _a2082047 | ||
| 942 |
_2lcc _cBK _nMM |
||